Recent biographies of Keynes. The great disorder (Registro nro. 33582)

Detalles MARC
000 -LEADER
fixed length control field 00355 a2200109 4500
001 - CONTROL NUMBER
control field ART_43938
005 - DATE AND TIME OF LATEST TRANSACTION
control field 20260410162026.0
008 - FIXED-LENGTH DATA ELEMENTS--GENERAL INFORMATION
fixed length control field 260409a
100 1# - MAIN ENTRY--PERSONAL NAME
Personal name Kindleberger, Charles P.
245 10 - TITLE STATEMENT
Title Recent biographies of Keynes. The great disorder
773 0# - HOST ITEM ENTRY
Title Journal of economic literature
Related parts - Vol. XXXII, Nº 3 (sep. 1994)
Record control number REV43676

No hay ítems disponibles.